01080cam a22002651 4500001001300000003000400013005001700017008004100034010001700075035001900092040005400111042001200165050002700177051001900204082001100223100003100234245004000265260009200305300003300397490006400430501019900494650003700693830006700730999001700797e 57000039 DLC20260227111236.0780503s1957 dcua f000 0 eng c ae 57000039  a(OCoLC)3859857 aU.S. Office of Education. LibrarycOTdOCoLCdDLC apremarc00aL111b.A6 1957, no. 20 aLB3218.A1bV48 a371.621 aViles, Nelson Eric,d1891-10aLocal school construction programs. a[Washington]bU.S. Dept. of Health, Education, and Welfare, Office of Educationc[1957] aviii, 80 p.btables.c24 cm.1 aUnited States. Office of Education. Bulletin,v1957, no. 20 aCopies 1 and 2 of L111.A6 with: Conservation experiences for children / Effie G. Bathurst and Wihelmina Hill. Washington : Govt. Print. Off., 1957. Bound together subsequent to publication.5DLC 0aSchool buildingszUnited States. 0aBulletin (United States. Office of Education) ;v1957, no. 20. c22282d22282